Universidad de Oriente páginas de su historia
| Main Author: | |
|---|---|
| Format: | Section = Libro |
| Language: | Undetermined Spanish |
| Published: |
Cuba
Ediciones UO
2017
|
| Subjects: |
| LEADER | 00571nam a2200205Ia 4500 | ||
|---|---|---|---|
| 008 | 240829s9999 xx 000 0 und d | ||
| 020 | |a 978-959-207-595-5 | ||
| 040 | |a BIBLIOTECA-RUSB/ 378.008 U58 | ||
| 041 | |a spa | ||
| 082 | |a 378.008 U58 | ||
| 100 | 1 | |a Cuba. Universidad de Oriente | |
| 245 | 1 | 0 | |a Universidad de Oriente páginas de su historia |
| 260 | |a Cuba |b Ediciones UO |c 2017 | ||
| 300 | |a 131 p. :il. | ||
| 650 | 7 | |a EDUCACION SUPERIOR | |
| 650 | 7 | |b HISTORIA-RECONSTRUCCION | |
| 650 | 7 | |c HISTORIA DE LA UNIVERSIDAD | |
| 942 | |c BK |2 ddc | ||
| 991 | |a TEXTO | ||
| 999 | |c 1164 | ||